Statistics for Fairy Tale multiple choice quiz

Click here to take the quiz!

General Stats

  • This quiz has been taken 40 times
  • The average score is 10 of 15

Answer Stats

Question Answer % Correct
Who created the puppet Pinocchio?Geppetto
89%
Which story features the line, "Fee-fi-fo-fum! I smell the blood of an English man!"Jack and the Beanstalk
89%
How did the tortoise defeat the hare in a race?The hare took a nap halfway through the race, and woke up too late to win
89%
Which one of these was NOT used by the Three Little Pigs to build their houses?Rocks
86%
In most versions of the tale, why does Chicken Little think the sky is falling?A nut falls on his head
81%
Why do the three billy goats Gruff want to cross the troll's bridge?there is a meadow across the bridge where they can eat
78%
Who saves Little Red Riding Hood from the Big Bad Wolf?A woodcutter
73%
Who wrote the tale "The Ugly Duckling?"Hans Christian Andersen
73%
What does Rumpelstiltskin demand in payment from the miller's daughter, if she cannot guess his name?Her firstborn child
68%
Whose adventures included being eaten by a cow, accidentally baked into a pudding, and becoming a favorite at King Arthur's court?Tom Thumb
65%
In the original version of Beauty and the Beast, why does Beauty go to the Beast's castle?because her father got in trouble with the Beast for stealing a rose for her
54%
How does the story of the Gingerbread Man end?The Gingerbread Man is eaten by a fox
49%
Which version of Cinderella's story added the fairy godmother character and the coach that transforms from a pumpkin?Cendrillon by Charles Perrault
38%
What does Bluebeard's wife find in the locked room under his palace?the bodies of his previous wives
35%
How did Rapunzel escape the tower in which she was imprisoned?Mother Gothel cast her out after she caught the prince visiting Rapunzel
19%

Score Distribution

Percentile by Number Answered

Percent of People with Each Score

Your Score History

You have not taken this quiz